000 01011nam0a22003011 4500
001 rc\3408193
005 20130115140206.1
021 _aRU
_b[69-52883]
035 _a(NLR Aleph) 007576658
090 _a5463501
_c5463501
100 _a20130115d1969 |||y0rusy50 ca
101 1 _arus
_clav
102 _aRU
105 _aa z |||||
200 1 _aДомоводство
_eVII кл.
_e[Пер. с латыш.]
205 _a2-е изд.
210 _aРига
_cЗвайгзне
_d1969
215 _a131 с., 4 л. ил.
_cил.
_d22
300 _aНа обл. авт. не указаны. Авт. 1-го изд.: А. Людвиг, А. Румпе, М. Шмит
606 _aДомоводство
_jУчебники и пособия
_2psbo
700 1 _aРумпе
_bА. А.
_gАустра Адольфовна
701 1 _aШмите
_bМ.
_gМарга
702 1 _aЛюдвиг
_bА.
_4570
801 0 _aRU
_bNLR
_gpsbo
801 1 _aRU
_bELAR
_2rusmarc
852 _aNLR
_j69-5/3405
942 _cBOOK
980 _aNB